24時間テレビ歴代マラソンランナー - Statistics

General Stats
  • This quiz has been taken 108 times
  • The average score is 12 of 52
Answer Stats
Hint Answer % Correct
2024年 やす子
74%
1992年 間寛平
66%
1993年 間寛平
66%
1995年 間寛平
66%
2009年 イモトアヤコ
51%
2014年 城島茂
38%
2021年 城島茂
38%
2012年 北斗晶
37%
2018年 みやぞん
36%
2011年 徳光和夫
33%
2013年 大島美幸
33%
2019年 いとうあさこ
33%
2007年 萩本欽一
31%
2016年 林家たい平
31%
2023年 ヒロミ
31%
2006年 アンガールズ
30%
2012年 佐々木健介
30%
2019年 水卜麻美
30%
1997年 山口達也
24%
2022年 兼近大樹
24%
2010年 はるな愛
23%
2017年 ブルゾンちえみ
21%
2019年 よしこ
21%
2020年 高橋尚子
21%
2015年 DAIGO
21%
1994年 ダチョウ倶楽部
18%
1998年 森田剛
18%
2003年 山田花子
18%
2008年 エド・はるみ
18%
2021年 岸優太
15%
2005年 丸山和也
13%
2019年 近藤春奈
13%
2000年 トミーズ雅
11%
2001年 研ナオコ
11%
2002年 西村知美
11%
2004年 杉田かおる
10%
2020年 土屋太鳳
10%
1996年 赤井英和
9%
2020年 吉田沙保里
9%
2021年 水谷隼
8%
1999年 にしきのあきら
7%
2020年 陣内貴美子
7%
2020年 野口みずき
7%
2021年 荒川静香
7%
2020年 松本薫
6%
2021年 川井梨紗子
6%
2021年 五郎丸歩
6%
2021年 田中理恵
6%
2021年 丸山桂里奈
6%
2021年 長谷川穂積
5%
2021年 林咲希
5%
2021年 川井友香子
3%
No matching quizzes found
Score Distribution
Percent of People with Each Score
Percentile by Number Answered
Your Score History
You have not taken this quiz